{"text_format":"1","workbook":"xlsx","n_sheets":6,"sheets":["TABLERO DE MANDO","ORDEN DE PRODUCCION","Hoja7","HOJA DE COSTO","INFORMACION DE COSTOS","Recomendación1"],"not_rendered":{"charts":0,"images":6,"macros":1,"external_links":0,"defined_names":0,"comments":1,"pivot_tables":1},"unopened":[],"bounds":{"document_bytes":16777216,"sheet_cells":100000,"rows_first":2000,"rows_last":500,"rows_between":2000,"halvings":0,"cell_chars":16384,"cell_head_chars":4096},"cells_cut":0,"cells_raw":0,"read":"whole","date_system":"1900"}

{"sheet":"TABLERO DE MANDO","index":0,"n_rows":15,"n_cols":6,"rows_kept":15,"cut":false,"hidden":false,"merged":[[0,1,2,8],[14,3,14,4],[5,1,9,1],[5,5,9,5],[15,1,20,1],[15,2,20,2],[15,5,20,5]]}
[null,"TABLERO DE MANDO"]
[]
[]
[]
[null,"HOJA DE COSTOS",null,null,null,"INFORMACIÓN DE COSTOS"]
[]
[]
[]
[]
[]
[]
[]
[]
[]
[null,null,null,"ORDEN DE PRODUCCIÓN"]

{"sheet":"ORDEN DE PRODUCCION","index":1,"n_rows":27,"n_cols":18,"rows_kept":27,"cut":false,"hidden":false,"merged":[[17,2,17,3],[19,11,19,12],[19,13,19,14],[12,1,12,3],[14,1,14,17],[16,1,16,3],[16,4,16,9],[16,10,16,12],[16,15,16,16],[0,1,4,1],[0,3,4,3],[7,4,7,16],[8,4,8,16],[11,1,11,3],[11,4,11,5]]}
[]
[]
[]
[]
[]
[]
[]
[null,null,null,null,"VITELSA S.A."]
[null,null,null,null,"ORDEN DE PRODUCCIÓN"]
[]
[]
[null,"Fecha de Expedición:",null,null,45173,null,null,null,null,null,null,null,null,null,null,"N°",1]
[null,"Cliente:",null,null,"ALUTEMP SAS"]
[]
[]
[]
[null,"Referencia Artículo:",null,null,"VIDRIO INCOLORO 5MM",null,null,null,null,null,"Cantidad a producir:",null,null,null,{"$f":"+ORDENPRODUCCION[[#Totals],[Columna7]]","v":22.438119999999998},"Unidad Medida",null,"m2"]
[]
[]
[null,null,"Item","Material","Esp. m.m.","Cantidad","Alto","Ancho","Area","Perforación","Boquete","BPM (AxH)",null,"BPB (AxH)",null,"Tipo de Broca"]
[null,null,"Columna1","Columna2","Columna3","Columna4","Columna5","Columna6","Columna7","Columna8","Columna9","Columna10","Columna11","Columna12","Columna13","Columna14"]
[null,null,1,"INC",10,2,1.335,2.71,{"$f":"+ORDENPRODUCCION[[#This Row],[Columna4]]*ORDENPRODUCCION[[#This Row],[Columna5]]*ORDENPRODUCCION[[#This Row],[Columna6]]","v":7.2356999999999996},0,0,0,0,2,2]
[null,null,2,"INC",10,2,0.99299999999999999,2.0499999999999998,{"$f":"+ORDENPRODUCCION[[#This Row],[Columna4]]*ORDENPRODUCCION[[#This Row],[Columna5]]*ORDENPRODUCCION[[#This Row],[Columna6]]","v":4.0712999999999999},2,1,0,0,2,2,16]
[null,null,3,"INC",10,2,1.954,0.67,{"$f":"+ORDENPRODUCCION[[#This Row],[Columna4]]*ORDENPRODUCCION[[#This Row],[Columna5]]*ORDENPRODUCCION[[#This Row],[Columna6]]","v":2.61836},2,4,0,0,2,2]
[null,null,4,"INC",10,2,0.97399999999999998,2.1850000000000001,{"$f":"+ORDENPRODUCCION[[#This Row],[Columna4]]*ORDENPRODUCCION[[#This Row],[Columna5]]*ORDENPRODUCCION[[#This Row],[Columna6]]","v":4.2563800000000001},0,4,0,0,2,2,16]
[null,null,5,"INC",10,2,0.97399999999999998,2.1850000000000001,{"$f":"+ORDENPRODUCCION[[#This Row],[Columna4]]*ORDENPRODUCCION[[#This Row],[Columna5]]*ORDENPRODUCCION[[#This Row],[Columna6]]","v":4.2563800000000001},2,2,0,0,2,2,16]
[null,null,"Total",null,null,{"$f":"SUBTOTAL(109,ORDENPRODUCCION[Columna4])","v":10},{"$f":"SUBTOTAL(109,ORDENPRODUCCION[Columna5])","v":6.23},{"$f":"SUBTOTAL(109,ORDENPRODUCCION[Columna6])","v":9.8000000000000007},{"$f":"SUBTOTAL(109,ORDENPRODUCCION[Columna7])","v":22.438119999999998},{"$f":"SUM(ORDENPRODUCCION[Columna4]*ORDENPRODUCCION[Columna8])","v":12},{"$f":"SUM(ORDENPRODUCCION[Columna4]*ORDENPRODUCCION[Columna9])","v":22},null,null,{"$f":"SUM(ORDENPRODUCCION[[#Totals],[Columna5]:[Columna6]])*4","v":64.12}]

{"sheet":"Hoja7","index":2,"n_rows":9,"n_cols":6,"rows_kept":9,"cut":false,"hidden":true,"merged":[]}
[]
[]
[]
[null,null,"DESCRIPCION","ESPESOR","MEDIDA"]
[null,null,"VIDRIO INCOLORO","4MM","366*240",{"$f":"CONCATENATE(C5,\" \",D5)","v":"VIDRIO INCOLORO 4MM"}]
[null,null,"VIDRIO INCOLORO","5MM","330*240",{"$f":"CONCATENATE(C6,\" \",D6)","v":"VIDRIO INCOLORO 5MM"}]
[null,null,"VIDRIO INCOLORO","6MM","366*260","VIDRIO INCOLORO 6MM"]
[null,null,"VIDRIO INCOLORO","8MM","330*220","VIDRIO INCOLORO 8MM"]
[null,null,"VIDRIO INCOLORO","10MM","330*220","VIDRIO INCOLORO 10MM"]

{"sheet":"HOJA DE COSTO","index":3,"n_rows":48,"n_cols":19,"rows_kept":48,"cut":false,"hidden":false,"merged":[[37,13,38,15],[37,16,38,18],[43,13,43,15],[44,17,44,18],[45,0,47,5],[45,6,46,11],[45,12,46,16],[45,17,46,19],[47,7,47,11],[47,13,47,16],[47,17,47,18],[40,16,41,18],[40,13,41,15],[33,1,34,5],[34,13,35,15],[34,16,35,18],[17,2,17,18],[19,2,19,7],[19,9,19,13],[19,15,19,18],[0,1,4,1],[7,5,7,17],[8,5,8,17],[11,1,11,3],[11,5,11,6],[12,1,12,3],[12,5,12,11],[14,1,14,18],[16,1,16,3],[16,5,16,10],[16,11,16,13],[16,16,16,17]]}
[]
[]
[]
[]
[]
[]
[]
[null,null,null,null,null,"VITELSA S.A."]
[null,null,null,null,null,"HOJA DE COSTO"]
[]
[]
[null,"Fecha de Expedición:",null,null,null,45173,null,null,null,null,null,null,null,null,null,null,"N°",1]
[null,"Cliente:",null,null,null,{"$f":"'ORDEN DE PRODUCCION'!E13","v":"ALUTEMP SAS"}]
[]
[null,"Se solicita realizar el siguiente artículo:"]
[]
[null,"Nombre Artículo:",null,null,null,"VIDRIO INCOLORO 10MM",null,null,null,null,null,"Cantidad a producir:",null,null,null,{"$f":"+'ORDEN DE PRODUCCION'!O17","v":22.438119999999998},"Unidad Medida",null,{"$f":"+'ORDEN DE PRODUCCION'!R17","v":"m2"}]
[]
[]
[null,null,"MATERIALES",null,null,null,null,null,null,"MANO DE OBRA",null,null,null,null,null,"COSTOS INDIRECTOS"]
[null,null,"N°","Material","MEDIDA DE LA LAMINA","Cant.","Precio\nUnitario","Valor Total",null,"N°","Proceso","Horas\nTrab","Vr Hora","Vr Total",null,"Gasto","M2\n/Horas Trab","Precio Unitario\n/M2","Vr Total"]
[null,null,null,"INC 10MM",{"$f":"IFERROR(VLOOKUP(D22,MATERIA_PRIMA[],2,FALSE),\" \")","v":"330*220"},{"$f":"+$P$17*1.01","v":22.662501199999998},{"$f":"IFERROR(VLOOKUP(D22,MATERIA_PRIMA[],4,FALSE),\" \")","v":84124},{"$f":"F22*G22","v":1906460.2509487998},null,null,"Corte",{"$f":"VLOOKUP($D$22,ESTIMACIONTIEMPO[],2,FALSE)*ORDENPRODUCCION[[#Totals],[Columna7]]","v":4.8021626046737254},{"$f":"VLOOKUP(K22,VALOR_HRHOMBRE[],3,FALSE)","v":9430.3277652777779},{"$f":"L22*M22","v":45285.967344233286},null,"MPI",{"$f":"+$P$17","v":22.438119999999998},{"$f":"VLOOKUP($D$22,DISTRIBUCION_CIF[],3,FALSE)/VLOOKUP($D$22,VOLUMEN_VENTA[],2,FALSE)","v":71.605077141426918},{"$f":"Q22*R22","v":1606.683313508594}]
[null,null,null,null,{"$f":"IFERROR(VLOOKUP(D23,MATERIA_PRIMA[],2,FALSE),\" \")","v":" "},null,{"$f":"IFERROR(VLOOKUP(D23,MATERIA_PRIMA[],4,FALSE),\" \")","v":" "},{"$f":"IFERROR(F23*G23,\" \")","v":" "},null,null,"RectilineaS",{"$f":"VLOOKUP($D$22,ESTIMACIONTIEMPO[],3,FALSE)*SUM(ORDENPRODUCCION[[#Totals],[Columna12]:[Columna13]])","v":9.1485580851301069},{"$f":"VLOOKUP(K23,VALOR_HRHOMBRE[],3,FALSE)","v":9658.6100761270845},{"$f":"L23*M23","v":88362.355303071556},null,"MOI",{"$f":"+$P$17","v":22.438119999999998},{"$f":"VLOOKUP($D$22,DISTRIBUCION_CIF[],4,FALSE)/VLOOKUP($D$22,VOLUMEN_VENTA[],2,FALSE)","v":484.21081465182829},{"$f":"Q23*R23","v":10864.780364455481}]
[null,null,null,null,{"$f":"IFERROR(VLOOKUP(D24,MATERIA_PRIMA[],2,FALSE),\" \")","v":" "},null,{"$f":"IFERROR(VLOOKUP(D24,MATERIA_PRIMA[],4,FALSE),\" \")","v":" "},{"$f":"IFERROR(F24*G24,\" \")","v":" "},null,null,"Maquinado",{"$f":"VLOOKUP($D$22,ESTIMACIONTIEMPO[],4,FALSE)*SUM(ORDENPRODUCCION[[#Totals],[Columna8]:[Columna9]])","v":7.2766135736374835},{"$f":"VLOOKUP(K24,VALOR_HRHOMBRE[],3,FALSE)","v":9783.3568887374986},71189.707532327055,null,"CIF FIJOS",22.438119999999998,{"$f":"VLOOKUP($D$22,DISTRIBUCION_CIF[],5,FALSE)/VLOOKUP($D$22,VOLUMEN_VENTA[],2,FALSE)","v":499.95831833647196},11218.124741831956]
[null,null,null,null,{"$f":"IFERROR(VLOOKUP(D25,MATERIA_PRIMA[],2,FALSE),\" \")","v":" "},null,{"$f":"IFERROR(VLOOKUP(D25,MATERIA_PRIMA[],4,FALSE),\" \")","v":" "}," ",null,null,"Lavadora",{"$f":"VLOOKUP($D$22,ESTIMACIONTIEMPO[],5,FALSE)*ORDENPRODUCCION[[#Totals],[Columna7]]","v":1.600720868224575},{"$f":"VLOOKUP(K25,VALOR_HRHOMBRE[],3,FALSE)","v":8946.775833333335},14321.290779743982,null,"CIF VARIABLES",22.438119999999998,{"$f":"VLOOKUP($D$22,DISTRIBUCION_CIF[],6,FALSE)/VLOOKUP($D$22,VOLUMEN_VENTA[],2,FALSE)","v":367.10116270315558},8237.0599408729286]
[null,null,null,null,{"$f":"IFERROR(VLOOKUP(D26,MATERIA_PRIMA[],2,FALSE),\" \")","v":" "},null,{"$f":"IFERROR(VLOOKUP(D26,MATERIA_PRIMA[],4,FALSE),\" \")","v":" "}," ",null,null,"Inspeccion",{"$f":"VLOOKUP($D$22,ESTIMACIONTIEMPO[],6,FALSE)*ORDENPRODUCCION[[#Totals],[Columna7]]","v":1.600720868224575},{"$f":"VLOOKUP(K26,VALOR_HRHOMBRE[],3,FALSE)","v":9521.9257083333323},15241.945187013232,null,"GASTOS DIVERSOS",22.438119999999998,{"$f":"VLOOKUP($D$22,DISTRIBUCION_CIF[],7,FALSE)/VLOOKUP($D$22,VOLUMEN_VENTA[],2,FALSE)","v":1490.9260267455359},33453.577099239541]
[null,null,null,null,{"$f":"IFERROR(VLOOKUP(D27,MATERIA_PRIMA[],2,FALSE),\" \")","v":" "},null,{"$f":"IFERROR(VLOOKUP(D27,MATERIA_PRIMA[],4,FALSE),\" \")","v":" "}," ",null,null,"Sacarayas",{"$f":"VLOOKUP($D$22,ESTIMACIONTIEMPO[],7,FALSE)*ORDENPRODUCCION[[#Totals],[Columna7]]","v":0.53357362274152509},{"$f":"VLOOKUP(K27,VALOR_HRHOMBRE[],3,FALSE)","v":7668.665},4091.7973656411373,null,null,null,null,0]
[null,null,null,null,{"$f":"IFERROR(VLOOKUP(D28,MATERIA_PRIMA[],2,FALSE),\" \")","v":" "},null,{"$f":"IFERROR(VLOOKUP(D28,MATERIA_PRIMA[],4,FALSE),\" \")","v":" "}," ",null,null,"Horno",{"$f":"VLOOKUP($D$22,ESTIMACIONTIEMPO[],8,FALSE)*ORDENPRODUCCION[[#Totals],[Columna7]]","v":3.2014417364491501},{"$f":"VLOOKUP(K28,VALOR_HRHOMBRE[],3,FALSE)","v":10327.135533333332},33061.722714380383,null,null,null,null,0]
[null,null,null,null,{"$f":"IFERROR(VLOOKUP(D29,MATERIA_PRIMA[],2,FALSE),\" \")","v":" "},null,{"$f":"IFERROR(VLOOKUP(D29,MATERIA_PRIMA[],4,FALSE),\" \")","v":" "}," ",null,null,null,null,null,0,null,null,null,null,0]
[null,null,null,null,{"$f":"IFERROR(VLOOKUP(D30,MATERIA_PRIMA[],2,FALSE),\" \")","v":" "},null,{"$f":"IFERROR(VLOOKUP(D30,MATERIA_PRIMA[],4,FALSE),\" \")","v":" "}," ",null,null,null,null,null,0,null,null,null,null,0]
[null,null,null,null,null,null,"Suma",{"$f":"SUM(H22:H30)","v":1906460.2509487998},null,null,null,null,"Suma",{"$f":"SUM(N22:N30)","v":271554.78622641065},null,null,null,"Suma",{"$f":"SUM(S22:S30)","v":65380.225459908499}]
[]
[]
[null,"OBERVACIONES GENERALES"]
[null,null,null,null,null,null,null,null,null,null,null,null,null,"TOTAL COSTO PRODUCCIÓN",null,null,{"$f":"+H31+N31+S31","v":2243395.2626351188}]
[]
[]
[null,null,null,null,null,null,null,null,null,null,null,null,null,"CANTIDAD PRODUCIDA",null,null,{"$f":"+P17","v":22.438119999999998}]
[]
[]
[null,null,null,null,null,null,null,null,null,null,null,null,null,"COSTO UNITARIO",null,null,{"$f":"+Q35/Q38","v":99981.427260176832}]
[]
[]
[]
["Expedido por:",null,null,null,null,null,"Recibido por:",null,null,null,null,null,"Cumplido por:",null,null,null,null,"Control Contable:"]
[]
[]
[null,null,null,null,null,null,"Fecha:",null,null,null,null,null,"Fecha:",null,null,null,null,"Fecha:"]

{"sheet":"INFORMACION DE COSTOS","index":4,"n_rows":325,"n_cols":18,"rows_kept":325,"cut":false,"hidden":false,"merged":[[0,1,3,1],[134,4,134,5],[134,1,134,2],[5,9,5,10],[5,6,5,7]]}
[]
[]
[]
[]
[]
[null,"MATERIA PRIMA ",null,null,null,null,"VOLUMEN VENTAS ANUALES POR REF",null,null,"VALOR HORA HOMBRE "]
[]
[null,"DESCRIPCION","MEDIDA LAMINA","AREA","VALOR M2",null,"REFERENCIA","m2",null,"PROCESO","VALOR NOMINA","VALOR HORA"]
[null,"INC 4MM","366*240",{"$f":"3.66*2.4","v":8.7840000000000007},33788,null,"INC 4MM",2350.6000000000004,null,"CORTE",20369507.973000001,{"$f":"+K9/2160","v":9430.3277652777779}]
[null,"INC 5MM","330*240",{"$f":"3.3*2.4","v":7.919999999999999},44552,null,"INC 5MM",45928.400000000023,null,"RECTILINEAS",27816797.019246005,{"$f":"+K10/2880","v":9658.6100761270845}]
[null,"INC 6MM","366*260",{"$f":"3.66*2.6","v":9.516},63499,null,"INC 6MM",27508.05999999999,null,"MAQUINADO",21132050.879672997,{"$f":"+K11/2160","v":9783.3568887374986}]
[null,"INC 8MM","330*220",{"$f":"3.3*2.2","v":7.26},71243,null,"INC 8MM",47952.920000000122,null,"LAVADORA",6441678.6000000006,{"$f":"+K12/720","v":8946.775833333335}]
[null,"INC 10MM","330*220",{"$f":"3.3*2.2","v":7.26},84124,null,"INC 10MM",40899.279999999999,null,"INSPECCION",6855786.5099999998,{"$f":"+K13/720","v":9521.9257083333323}]
[null,null,null,null,null,null,"TOTAL",{"$f":"SUM(H9:H13)","v":164639.26000000013},null,"SACARAYAS",1840479.6,{"$f":"+K14/240","v":7668.665}]
[null,null,null,null,null,null,null,null,null,"HORNO",14871075.168,{"$f":"+K15/1440","v":10327.135533333332}]
[null,null,null,null,null,null,null,null,null,"TOTAL ",{"$f":"SUBTOTAL(109,VALOR_HRHOMBRE[VALOR NOMINA])","v":99327375.749918997},{"$f":"SUBTOTAL(101,VALOR_HRHOMBRE[VALOR HORA])","v":9333.8281150203366}]
[]
[]
[null,"ESTIMACION DE TIEMPO POR PROCESO"]
[]
[null,"REFERENCIA","TIEMPO CORTE                    *M2","TIEMPO RECTILINEA *M2","TIEMPO MAQUINADO* M2","TIEMPO LAVADORA    *M2","TIEMPO INSPECCION *M2","TIEMPO SACARAYAS *M2","TIEMPO HORNO* M2","TOTAL TIEMPO       PRODUCCION *M2"]
[null,"INC 4MM",0.11137241555347568,7.4248277035650456E-2,0.11137241555347568,3.7124138517825228E-2,3.7124138517825228E-2,1.2374712839275078E-2,7.4248277035650456E-2,{"$f":"SUM(ESTIMACIONTIEMPO[[#This Row],[TIEMPO CORTE                    *M2]:[TIEMPO HORNO* M2]])","v":0.4578643750531779}]
[null,"INC 5MM",0.11236341784168395,7.4908945227789306E-2,0.11236341784168395,3.7454472613894653E-2,3.7454472613894653E-2,1.248482420463155E-2,7.4908945227789306E-2,{"$f":"SUM(ESTIMACIONTIEMPO[[#This Row],[TIEMPO CORTE                    *M2]:[TIEMPO HORNO* M2]])","v":0.4619384955713674}]
[null,"INC 6MM",0.13012738811824609,8.6751592078830736E-2,0.13012738811824609,4.3375796039415368E-2,4.3375796039415368E-2,1.4458598679805122E-2,8.6751592078830736E-2,{"$f":"SUM(ESTIMACIONTIEMPO[[#This Row],[TIEMPO CORTE                    *M2]:[TIEMPO HORNO* M2]])","v":0.53496815115278962}]
[null,"INC 8MM",0.17026700355265079,0.1135113357017672,0.17026700355265079,5.6755667850883602E-2,5.6755667850883602E-2,1.8918555950294531E-2,0.1135113357017672,{"$f":"SUM(ESTIMACIONTIEMPO[[#This Row],[TIEMPO CORTE                    *M2]:[TIEMPO HORNO* M2]])","v":0.69998657016089771}]
[null,"INC 10MM",0.21401804628345539,0.14267869752230358,0.21401804628345539,7.1339348761151791E-2,7.1339348761151791E-2,2.3779782920383932E-2,0.14267869752230358,{"$f":"SUM(ESTIMACIONTIEMPO[[#This Row],[TIEMPO CORTE                    *M2]:[TIEMPO HORNO* M2]])","v":0.87985196805420551}]
[null,"TOTAL",{"$f":"SUBTOTAL(109,C22:C26)","v":0.73814827134951178},0.49209884756634126,0.73814827134951178,0.24604942378317063,0.24604942378317063,8.201647459439021E-2,0.49209884756634126,3.0346095599924383]
[]
[]
[null,"DISTRIBUCION DE LOS CIF"]
[]
[null,"REFERENCIA","Tasa predeterminada","MPI (INSUMOS)","MOI","CIF VARIABLES","CIF FIJOS","GASTOS DIVERSOS"]
[null,"INC 4MM",1.0081033209006527E-2,87412.155065701561,591102.09086483554,610325.91253967315,448140.06268896977,1820053.3013038528]
[null,"INC 5MM",0.19906888388601041,1726116.7368691696,11672418.000371428,12052028.368226841,8849364.966320904,35940361.646652326]
[null,"INC 6MM",0.13805467187774526,1197065.433227679,8094845.3902212717,8358105.944822453,6137052.4257894903,24924713.181881528]
[null,"INC 8MM",0.31504747983942599,2731761.5754086305,18472831.126913238,19073604.52443853,14005052.303478718,56879408.475405112]
[null,"INC 10MM",0.33774793118781177,2928596.099428819,19803873.687473226,20447935.2499725,15014173.241721917,60977801.027153157]
[null,"TOTAL",1,{"$f":"SUBTOTAL(109,D33:D37)","v":8670952},{"$f":"SUBTOTAL(109,E33:E37)","v":58635070.295844004},{"$f":"SUBTOTAL(109,F33:F37)","v":60542000},{"$f":"SUBTOTAL(109,G33:G37)","v":44453783},{"$f":"SUBTOTAL(109,H33:H37)","v":180542337.63239598}]
[]
[]
[]
[]
[]
[]
[]
[]
[]
[]
[]
[]
[]
[]
[]
[]
[]
[]
[]
[]
[]
[null,"PROCESO","CARGO ","SALARIO BASICO + TRANSPORTE","total prestaciones sociales","total seguridad social","valor total empleado","cant personal","total nomina mes","VALOR HORA","prima 8,33%","cesantias 8,33%","intereses cesantias 1%","vacaciones 4,17%","salud 8,5%","pension 12%","arl 6,96%","ccf 5%"]
[null,"CORTE","OPERARIO",1618000,338377.19400000002,525202.80000000005,2481579.9939999999,3,7444739.9819999998,10339.916641666667,134779.4,134779.4,1347.7939999999999,67470.600000000006,137530,194160,112612.79999999999,80900]
[null,"CORTE","AUXILIAR",1404500,293727.29850000003,455900.7,2154127.9985000002,6,12924767.991,8975.5333270833344,116994.85,116994.85,1169.9485000000002,58567.65,119382.50000000001,168540,97753.2,70225]
[null,"RECTILINEAS","OPERARIO",1622777,339376.22234099999,526753.4142,2488906.6365410001,6,14933439.819246002,10370.444318920834,135177.3241,135177.3241,1351.7732410000001,67669.800900000002,137936.04500000001,194733.24,112945.27919999999,81138.850000000006]
[null,"RECTILINEAS","AUXILIAR",1400000,292786.2,454440,2147226.2000000002,6,12883357.200000001,8946.775833333335,116620,116620,1166.2,58380,119000.00000000001,168000,97440,70000]
[null,"MAQUINADO","OPERARIO",1530909,320163.59189699998,496933.06139999995,2348005.6532970001,9,21132050.879673,9783.3568887375004,127524.7197,127524.7197,1275.2471970000001,63838.905299999999,130127.26500000001,183709.08,106551.26639999999,76545.45]
[null,"LAVADORA","OPERARIO",1400000,292786.2,454440,2147226.2000000002,3,6441678.6000000006,8946.775833333335,116620,116620,1166.2,58380,119000.00000000001,168000,97440,70000]
[null,"INSPECCION","OPERARIO",1490000,311608.17000000004,483654,2285262.17,3,6855786.5099999998,9521.9257083333323,124117,124117,1241.17,62133,126650.00000000001,178800,103704,74500]
[null,"SACARAYAS","AUXILIAR",1200000,250959.6,389520,1840479.6,1,1840479.6,7668.665,99960,99960,999.6,50040,102000.00000000001,144000,83520,60000]
[null,"HORNO","OPERARIO",1616000,337958.92800000001,524553.6,2478512.5279999999,6,14871075.168,10327.135533333332,134612.79999999999,134612.79999999999,1346.1279999999999,67387.199999999997,137360,193920,112473.59999999999,80800]
[null,"Total",null,13282186,2777743.4047380001,4311397.5756000001,20371326.980338,43,99327375.749918997,84880.529084741662,1106406.0937999999,1106406.0937999999,11064.060938000001,553867.15619999997,1128985.81,1593862.3199999998,924440.14559999993,664109.30000000005]
[]
[]
[]
[]
[null,"PRESUPUESTO MAQUINARIA/                           MUEBLES Y ENSERES","ESPECIFICACIONES","UNIDAD DE MEDIDA","CANTIDAD","CU\nCosto Unitario\n(Pesos)","PROVEEDOR","VUC (AÑO)\nVida Util Contable","Columna7"]
[null,"MESA DE CORTE AUTOMATICO","Mesa de Corte Italiana, automatica con mesa cargadora automatica incorporada","UND",1,1400000000,"BAVELLONI",10]
[null,"DEPRECIACIÓN ",null,null,null,1166666.6666666667]
[null,"MESA DE CORTE AUTOMATICO","RULINA","UND",1,28000,"GLASSTOOLS",null,1]
[null,"MESA DE CORTE AUTOMATICO","ACEITE PARA CORTE","GL",5,225000,"LUBRIMAC",null,1]
[null,"MESA DE CORTE AUTOMATICO","CORTADOR TOYO","UND",1,125000,"GLASSTOOLS",null,6]
[null,"PUENTE GRUA","Puente grua capacidad de izaje de 1 Ton. Con botonera de tres posiciones","UND",1,153848000,"IMOCOM",10]
[null,"DEPRECIACIÓN ",null,null,null,1282066.6666666667]
[null,"RECTILINEA","Rectilinea Italiana de 14 motores","UND",1,336540000,"BAVELLONI",10]
[null,"DEPRECIACIÓN ",null,null,null,2804500]
[null,"RECTILINEA","DIAMANTE GRANO 100","UND",1,340000,"ACCESORIOS UNIVERSAL DE CALI",null,1]
[null,"RECTILINEA","DIAMANTE GRANO 200","UND",1,340000,"ACCESORIOS UNIVERSAL DE CALI",null,1]
[null,"RECTILINEA","DIAMANTE GRANO 320","UND",1,340000,"ACCESORIOS UNIVERSAL DE CALI",null,1]
[null,"RECTILINEA","DISCO PARA ARISTA EN RESINA 240","UND",1,290000,"ACCESORIOS UNIVERSAL DE CALI",null,1]
[null,"RECTILINEA","PIEDRA BRILLO GRANO 60","UND",3,45000,"ACCESORIOS UNIVERSAL DE CALI",null,1]
[null,"RECTILINEA","PIEDRA BRILLO GRANO 80","UND",3,45000,"ACCESORIOS UNIVERSAL DE CALI",null,1]
[null,"RECTILINEA","PIEDRA BORRADOR X3000","UND",1,350000,"ACCESORIOS UNIVERSAL DE CALI",null,1]
[null,"LAVADORA","Lavadora China de 8 cepillos","UND",1,300000000,"NEPTUN",10]
[null,"DEPRECIACIÓN ",null,null,null,2500000]
[null,"LAVADORA","SHAMPU","GL",1,29000,"PROINAS",null,1]
[null,"TALADRO","Taladro manual horizontal chino","UND",1,76924000,"YUGON",10]
[null,"DEPRECIACIÓN ",null,null,null,641033.33333333337]
[null,"TALADRO","BROCA 6*85","UND",2,66835,"ACCESORIOS UNIVERSAL DE CALI",null,1]
[null,"TALADRO","BROCA 8*85","UND",2,66835,"ACCESORIOS UNIVERSAL DE CALI",null,1]
[null,"TALADRO","BROCA 10*85","UND",2,66835,"ACCESORIOS UNIVERSAL DE CALI",null,1]
[null,"TALADRO","BROCA 12*85","UND",2,72217,"ACCESORIOS UNIVERSAL DE CALI",null,1]
[null,"TALADRO","BROCA 13*85","UND",2,75316,"ACCESORIOS UNIVERSAL DE CALI",null,1]
[null,"TALADRO","BROCA 14*85","UND",4,79765,"ACCESORIOS UNIVERSAL DE CALI",null,1]
[null,"TALADRO","BROCA 16*85","UND",8,86198,"ACCESORIOS UNIVERSAL DE CALI",null,1]
[null,"TALADRO","BROCA 18*85","UND",6,92630,"ACCESORIOS UNIVERSAL DE CALI",null,1]
[null,"TALADRO","BROCA 20*85","UND",4,99131,"ACCESORIOS UNIVERSAL DE CALI",null,1]
[null,"TALADRO","BROCA 22*85","UND",2,103531,"ACCESORIOS UNIVERSAL DE CALI",null,1]
[null,"TALADRO","BROCA 25*85","UND",2,109537,"ACCESORIOS UNIVERSAL DE CALI",null,1]
[null,"TALADRO","BROCA 30*85","UND",2,120987,"ACCESORIOS UNIVERSAL DE CALI",null,1]
[null,"TALADRO","BROCA 35*85","UND",2,133288,"ACCESORIOS UNIVERSAL DE CALI",null,1]
[null,"TALADRO","BROCA 40*85","UND",2,146109,"ACCESORIOS UNIVERSAL DE CALI",null,1]
[null,"TALADRO","BROCA 45*85","UND",2,158254,"ACCESORIOS UNIVERSAL DE CALI",null,1]
[null,"TALADRO","BROCA 50*85","UND",2,121550,"ACCESORIOS UNIVERSAL DE CALI",null,3]
[null,"TALADRO","BROCA 60*85","UND",2,140250,"ACCESORIOS UNIVERSAL DE CALI",null,3]
[null,"TALADRO","BROCA 70*85","UND",2,163350,"ACCESORIOS UNIVERSAL DE CALI",null,3]
[null,"TALADRO","BROCA 100*85","UND",2,304358,"ACCESORIOS UNIVERSAL DE CALI",null,4]
[null,"SACARAYAS","PULIDORA MAKITA MANUAL","UND",1,450000,"FERREIMPORTACIONES",null,6]
[null,"SACARAYAS","DISCO POLISHING 3\"","UND",2,98000,"JGB IMPORTACIONES",null,1]
[null,"SACARAYAS","OXIDO DE CERIO","GR",500,85000,"GLASSTOOLS",null,1]
[null,"HORNO","Horno para templar vidrio con capacidad de 30 Ton y temperatura maxima de 720°","UND",1,1480000000,"NORTHGLASS",10]
[null,"DEPRECIACIÓN ",null,null,null,12333333.333333334]
[null,"CABALLETES MOVILES","Caballetes en hierro con ruedas, capacidad de 1 Ton.","UND",5,576000,"INDUGACOL",10]
[null,"DEPRECIACIÓN ",null,null,null,4800]
[null,"CABALLETES FIJOS","Caballete en hierro fijos, capacidad de 1 Ton.","UND",6,480000,"INDUGACOL",10]
[null,"DEPRECIACIÓN ",null,null,null,4000]
[null,"MOBILIARIO DE OFICINA","Escritorio con mueble de 3 cajones y silla ergonomica","UND",29,2388000,"HECHO EN COLOMBIA",5]
[null,"DEPRECIACIÓN ",null,null,null,39800]
[null,"COMPUTADORES","Computadores de escritorio y portatiles","UND",29,2400000,"DOCUXER",5]
[null,"DEPRECIACIÓN ",null,null,null,40000]
[null,"SOTFWARE CONTABLE Y DE GESTION","Sotfware contable y de gestion SAP Bussines One y Procesamiento de Facturación electronica y P-colab","UND",1,175351000,"SAP BUSSINES ONE / HEISSON",1]
[null,"AMORTIZACIÓN",null,null,null,14612583.333333334]
[null,"TOTAL PRESUPUESTO",null,null,null,3954320176.0000005]
[]
[]
[]
[null,"COSTOS INDIRECTOS DE FABRICACIÓN VARIABLES",null,null,"COSTOS INDIRECTOS DE FABRICACIÓN FIJOS"]
[]
[null,"DETALLE","VALOR MENSUAL ",null,"DETALLE ","VALOR MENSUAL"]
[null,"ACUEDUCTO Y ALCANTARILLADO ",5130000,null,"ASEO VIGILANCIA ",1075000]
[null,"ELECTRICIDAD",13350000,null,"ARRENDAMIENTOS ",3500000]
[null,"TELEFONIA E INTERNET",850000,null,"POLIZAS ",4450000]
[null,"TELEFONÍA MOVIL ",2400000,null,"DEPRECIACIÓN DE MAQUINARIA &                              EQUIPO DE OFICNA",20816200]
[null,"MANTENIMIENTO MAQUINARIA & EQUIPO ",15000000,null,"AMOTIZACIÓN ",14612583]
[null,"ASEO & CAFETERIA ",2250000,null,"TOTAL ",44453783]
[null,"UTILES, PAPELERIA Y FOTOCOPIAS ",1690000]
[null,"TRANSPORTE, FLETES Y ACARREOS",19872000]
[null,"TOTAL ",60542000]
[]
[]
[]
[]
[]
[null,"CARGO ","CANT. PERSONAL","SALARIO      BASICO ","AUX.                                                       TRANSPORTE","TOTAL PRESTACIONES SOCIALES","TOTAL SEGURIDAD       SOCIAL","VALOT TOTAL    EMPLEADO ","TOTAL NOMINA MES","PRIMA       8,33%","CESANTIAS 8,33%","INT. CESANTIAS        1%","VACACIONES             4,17%","SALUD                  8,5%","PENSION    12%","ARL             6,96%","CCF            5%"]
[null,"ANALISTA DE PLANOS",2,1704000,140606,379904.71639800002,553118.4,2777629.1163979997,5555258.2327959994,153655.67980000001,153655.67980000001,1536.5567980000001,71056.800000000003,144840,204480,118598.39999999999,85200]
[null,"APRENDIZ SENA LECTIVO",6,580000,null,null,145000,725000,4350000,48314,48314,483.14,24186,145000]
[null,"APRENDIZ SENA PRODUCTIVO",2,870000,140606,null,225736,1236342,2472684,84183.479800000001,84183.479800000001,841.83479799999998,36279,145000,null,80736]
[null,"ASESOR COMERCIAL",6,1896666,140606,420197.53497600002,615657.78360000008,3073127.3185760002,18438763.911456,169704.75760000001,169704.75760000001,1697.0475760000002,79090.972200000004,161216.61000000002,227599.91999999998,132007.95359999998,94833.3]
[null,"AUXILIAR ADMINISTRATIVO",2,1425000,140606,321556.609398,462555,2349717.6093979999,4699435.2187959999,130414.9798,130414.9798,1304.1497980000001,59422.5,121125.00000000001,171000,99180,71250]
[null,"AUXILIAR AMBIENTAL",1,1450000,140606,326784.93439800001,470670,2388060.9343980001,2388060.9343980001,132497.4798,132497.4798,1324.974798,60465,123250.00000000001,174000,100920,72500]
[null,"AUXILIAR CONTABLE",4,1598250,140606,357788.90164800006,518791.95,2615436.8516480001,10461747.406592,144846.70480000001,144846.70480000001,1448.4670480000002,66647.025000000009,135851.25,191790,111238.2,79912.5]
[null,"AUXILIAR DE ACCESORIOS",2,1279000,140606,291023.191398,415163.4,2125792.5913979998,4251585.1827959996,118253.1798,118253.1798,1182.531798,53334.3,108715.00000000001,153480,89018.4,63950]
[null,"AUXILIAR DE CALIDAD",2,1450000,140606,326784.93439800001,470670,2388060.9343980001,4776121.8687960003,132497.4798,132497.4798,1324.974798,60465,123250.00000000001,174000,100920,72500]
[null,"AUXILIAR DE CARTERA",2,1720000,140606,383250.84439799999,558312,2802168.8443979998,5604337.6887959996,154988.4798,154988.4798,1549.884798,71724,146200,206400,119711.99999999999,86000]
[null,"AUXILIAR COMERCIO EXTERIOR",1,1600000,140606,358154.88439800002,519360,2618120.8843979998,2618120.8843979998,144992.4798,144992.4798,1449.924798,66720,136000,192000,111359.99999999999,80000]
[null,"AUXILIAR DE COMPRAS",1,1350000,140606,305871.63439799997,438210,2234687.6343979998,2234687.6343979998,124167.4798,124167.4798,1241.674798,56295,114750.00000000001,162000,93960,67500]
[null,"AUXILIAR DE FACTURACION",1,2470000,null,516558.51,801762,3788320.51,3788320.51,205751,205751,2057.5100000000002,102999,209950.00000000003,296400,171912,123500]
[null,"AUXILIAR DE GESTION HUMANA",1,1600000,140606,358154.88439800002,519360,2618120.8843979998,2618120.8843979998,144992.4798,144992.4798,1449.924798,66720,136000,192000,111359.99999999999,80000]
[null,"AUXILIAR DE INVENTARIOS",2,1385000,140606,313191.28939799999,449571,2288368.2893980001,4576736.5787960002,127082.9798,127082.9798,1270.829798,57754.5,117725.00000000001,166200,96396,69250]
[null,"AUXILIAR DE LOGISTICA",3,1690000,140606,376976.854398,548574,2756156.8543980001,8268470.5631940002,152489.4798,152489.4798,1524.894798,70473,143650,202800,117623.99999999999,84500]
[null,"AUXILIAR DE MANTENIMIENTO",5,1473400,140606,331678.64659799996,478265.64,2423950.2865980002,12119751.432990002,134446.6998,134446.6998,1344.4669980000001,61440.78,125239.00000000001,176808,102548.64,73670]
[null,"AUXILIAR DE SISTEMAS",1,1500000,140606,337241.58439799998,486900,2464747.584398,2464747.584398,136662.4798,136662.4798,1366.6247980000001,62550,127500.00000000001,180000,104400,75000]
[null,"AUXILIAR HSE",1,1400000,140606,316328.28439799999,454440,2311374.2843979998,2311374.2843979998,128332.4798,128332.4798,1283.3247980000001,58380,119000.00000000001,168000,97440,70000]
[null,"AUXILIAR ORDEN DE FABRICACION",1,1400000,140606,316328.28439799999,454440,2311374.2843979998,2311374.2843979998,128332.4798,128332.4798,1283.3247980000001,58380,119000.00000000001,168000,97440,70000]
[null,"CONTADOR",1,4000000,null,836532,1298400,6134932,6134932,333200,333200,3332,166800,340000,480000,278400,200000]
[null,"COORDINADOR ACCESORIOS",1,1700000,140606,379068.18439800001,551820,2771494.1843980001,2771494.1843980001,153322.4798,153322.4798,1533.224798,70890,144500,204000,118319.99999999999,85000]
[null,"COORDINADOR CALIDAD",1,4000000,null,836532,1298400,6134932,6134932,333200,333200,3332,166800,340000,480000,278400,200000]
[null,"COORDINADOR COMERCIO EXTERIOR",1,3266000,null,683028.37800000003,1060143.6000000001,5009171.9780000001,5009171.9780000001,272057.8,272057.8,2720.578,136192.20000000001,277610,391920,227313.59999999998,163300]
[null,"COORDINADOR DE COMPRAS",1,2250000,140606,494091.33439799998,730350,3615047.334398,3615047.334398,199137.4798,199137.4798,1991.3747980000001,93825,191250,270000,156600,112500]
[null,"COORDINADOR LOGISTICA",1,3200000,null,669225.6,1038720,4907945.5999999996,4907945.5999999996,266560,266560,2665.6,133440,272000,384000,222719.99999999997,160000]
[null,"COORDINADOR SISTEMAS",1,3894000,null,814363.90200000012,1263992.3999999999,5972356.3019999992,5972356.3019999992,324370.2,324370.2,3243.7020000000002,162379.80000000002,330990,467280,271022.39999999997,194700]
[null,"COORDINADOR GESTION PEDIDOS",1,1700000,140606,379068.18439800001,551820,2771494.1843980001,2771494.1843980001,153322.4798,153322.4798,1533.224798,70890,144500,204000,118319.99999999999,85000]
[null,"COORDINADOR RR.HH",1,4500000,null,941098.5,1460700,6901798.5,6901798.5,374850,374850,3748.5,187650,382500,540000,313200,225000]
[null,"COORDINADOR SST",1,2200000,140606,483634.68439800001,714120,3538360.6843980001,3538360.6843980001,194972.4798,194972.4798,1949.724798,91740,187000,264000,153120,110000]
[null,"COORDINADOR MERCADEO",1,1500000,140606,337241.58439799998,486900,2464747.584398,2464747.584398,136662.4798,136662.4798,1366.6247980000001,62550,127500.00000000001,180000,104400,75000]
[null,"DIGITADOR",2,1325000,140606,300643.30939800001,430095,2196344.3093980001,4392688.6187960003,122084.9798,122084.9798,1220.849798,55252.5,112625.00000000001,159000,92220,66250]
[null,"DIRECTOR COMERCIAL",1,4500000,null,941098.5,1460700,6901798.5,6901798.5,374850,374850,3748.5,187650,382500,540000,313200,225000]
[null,"DIRECTOR MEJORAMIENTO",1,7000000,null,1463931,2272200,10736131,10736131,583100,583100,5831,291900,595000,840000,487199.99999999994,350000]
[null,"GERENTE",1,8442000,null,1765500.7859999998,2740273.2,12947773.986000001,12947773.986000001,703218.6,703218.6,7032.1859999999997,352031.4,717570,1013040,587563.19999999995,422100]
[null,"GESTOR DE MANTENIMIENTO",1,4000000,null,836532,1298400,6134932,6134932,333200,333200,3332,166800,340000,480000,278400,200000]
[null,"JEFE DE CARTERA",1,4500000,null,941098.5,1460700,6901798.5,6901798.5,374850,374850,3748.5,187650,382500,540000,313200,225000]
[null,"JEFE DE PLANTA",1,6090000,null,1273619.97,1976814,9340433.9699999988,9340433.9699999988,507297,507297,5072.97,253953,517650.00000000006,730800,423863.99999999994,304500]
[null,"LIDER DE SOPORTE TECNICO",1,3200000,null,669225.6,1038720,4907945.5999999996,4907945.5999999996,266560,266560,2665.6,133440,272000,384000,222719.99999999997,160000]
[null,"MODULADOR",1,1200000,140606,274501.68439800001,389520,2004627.6843980001,2004627.6843980001,111672.4798,111672.4798,1116.724798,50040,102000.00000000001,144000,83520,60000]
[null,"PSICOLOGA",1,1800000,140606,399981.484398,584280,2924867.4843979999,2924867.4843979999,161652.4798,161652.4798,1616.5247980000001,75060,153000,216000,125279.99999999999,90000]
[null,"RECEPCIONISTA",1,1400000,140606,316328.28439799999,454440,2311374.2843979998,2311374.2843979998,128332.4798,128332.4798,1283.3247980000001,58380,119000.00000000001,168000,97440,70000]
[null,"SERVICIOS GENERALES",1,1300000,140606,295414.984398,421980,2158000.9843979999,2158000.9843979999,120002.4798,120002.4798,1200.0247980000001,54210,110500.00000000001,156000,90480,65000]
[null,"SERVICLIENTES",4,1925000,140606,426123.109398,624855,3116584.1093979999,12466336.437592,172064.9798,172064.9798,1720.6497980000001,80272.5,163625,231000,133980,96250]
[null,"SUPERVISORES DE PLANTA",6,2276333,140606,499598.43368700001,738897.69180000003,3655435.1254870002,21932610.752922002,201331.01869999999,201331.01869999999,2013.3101869999998,94923.0861,193488.30500000002,273159.95999999996,158432.77679999999,113816.65000000001]
[null,"Total",80,111009649,4218180,23595258.521858998,35933798.065399997,174756885.58725899,262593299.240686,null,null,null,null,null,null,null,5477982.4500000002]
[]
[]
[]
[]
[]
[]
[]
[]
[]
[null,"PROCESO","INSUMOS","UND DE MEDIDA","CANT","VLR UNT","VLR TOTAL MES"]
[null,null,"RULINA","UND",3,28000,84000]
[null,"CORTE ","ACEITE PARA CORTE","GL",5,45000,225000]
[null,null,"CORTADOR TOYO","UND",1,12500,12500]
[null,null,"DIAMANTE GRANO 100","UND",1,340000,340000]
[null,null,"DIAMANTE GRANO 200","UND",1,340000,340000]
[null,null,"DIAMANTE GRANO 320","UND",1,340000,340000]
[null,"RECTILINEA","DISCO PARA ARISTA EN RESINA 240","UND",1,290000,290000]
[null,null,"PIEDRA BRILLO GRANO 60","UND",3,45000,135000]
[null,null,"PIEDRA BRILLO GRANO 80","UND",3,45000,135000]
[null,null,"PIEDRA BORRADOR X3000","UND",1,350000,350000]
[null,null,"BROCA 6*85","UND",2,66835,133670]
[null,null,"BROCA 8*85","UND",2,66835,133670]
[null,null,"BROCA 10*85","UND",2,66835,133670]
[null,null,"BROCA 12*85","UND",2,72217,144434]
[null,null,"BROCA 13*85","UND",2,75316,150632]
[null,null,"BROCA 14*85","UND",4,79765,319060]
[null,null,"BROCA 16*85","UND",8,86198,689584]
[null,null,"BROCA 18*85","UND",6,92630,555780]
[null,null,"BROCA 20*85","UND",4,99131,396524]
[null,null,"BROCA 22*85","UND",2,103531,207062]
[null,"MAQUINADO","BROCA 25*85","UND",2,109537,219074]
[null,null,"BROCA 30*85","UND",2,120987,241974]
[null,null,"BROCA 35*85","UND",2,133288,266576]
[null,null,"BROCA 40*85","UND",2,146109,292218]
[null,null,"BROCA 45*85","UND",2,158254,316508]
[null,null,"BROCA 50*85","UND",2,121550,243100]
[null,null,"BROCA 60*85","UND",2,140250,280500]
[null,null,"BROCA 70*85","UND",2,163350,326700]
[null,null,"BROCA 100*85","UND",2,304358,608716]
[null,"LAVADORA","SHAMPU","GL",1,29000,29000]
[null,null,"PULIDORA MAKITA MANUAL","UND",1,450000,450000]
[null,"SACA RAYAS","DISCO POLISHING 3\"","UND",2,98000,196000]
[null,null,"OXIDO DE CERIO","GR",500,170,85000]
[null,"TOTAL INSUMOS AL MES",null,null,null,null,8670952]
[]
[]
[]
[]
[]
[null,"DETALLE","VALOR"]
[null,"VENTAS",1]
[null,"costo Materia Prima Indirecta ",4.7999999999999996E-3]
[null,"costo Indirectos de Fabricación Variables  ",3.32E-2]
[null,"Costos Indirectos de Fabricación Variables",2.4400000000000002E-2]
[null,"Mano de Obra Indirecta ",0.14380000000000001]
[null,null,{"$f":"+C250+C251+C252+C253","v":0.20619999999999999}]
[]
[null,"VENTAS",1]
[null,"CIF TOTALES",0.20619999999999999]
[]
[]
[]
[]
[]
[null,"REFERENCIA","VENTA ANUAL $","TASA PREDETERMINADA","VALOR MATERIA     PRIMA ANUAL ","VALOR PROMEDIO     MES"]
[null,"inc 4",220956400.00000003,1.0081033209006527E-2,18612618.265657708,1551051.5221381423]
[null,"inc 5",4363198000.0000019,0.19906888388601041,484630257.84381109,40385854.820317589]
[null,"inc 6",3025886599.999999,0.13805467187774526,479024728.53431189,39918727.377859324]
[null,"inc 8",6905220480.0000172,0.31504747983942599,1226473441.7363713,102206120.14469761]
[null,"inc 10",7402769680,0.33774793118781177,1552574867.2332485,129381238.93610404]
[null,"TOTAL",21918031160.000019,1,3761315913.6134005,313442992.8011167]
[]
[]
[]
[]
[null,"REFERENCIA","TASA PREDETERMINADA","CORTE","RECTILINEAS","MAQUINADO","LAVADORA","INSPECCION","SACARAYAS","HORNO","SUPERVISOR","JEFE PLANTA","TOTAL"]
[null,"inc 4",1.0081033209006527E-2,205345.68632693624,280422.05451921275,213032.90669239912,64938.775888346681,69113.411481168951,18553.935968099049,149915.80262224033,129877.55177669336,54115.646573622224,1185315.7718487189]
[null,"inc 5",0.19906888388601041,4054935.2174923006,5537458.7359050028,4206733.7828388885,1282337.7692543981,1364773.7687064665,366382.21978697088,2960368.3358787247,2564675.5385087961,1068614.8077119985,23406280.17608355]
[null,"inc 6",0.13805467187774526,2812105.7395236311,3840238.7851818493,2917378.3502970738,889303.82546489348,946473.35710192227,254086.80727568385,2053021.4027875254,1778607.650929787,741086.52122074447,16232302.439783111]
[null,"inc 8",0.31504747983942599,6417362.1524627451,8763611.79811831,6657599.3734795041,2029434.6088655621,2159898.2622926338,579838.45967587479,4685094.7541810684,4058869.2177311243,1691195.5073879682,37042904.134194791]
[null,"inc 10",0.33774793118781177,6879759.1771943877,9395065.6455216277,7137306.4663651334,2175663.6205267999,2315527.710417808,621618.17729337141,5022674.8725304399,4351327.2410535999,1813053.0171056665,39711995.928008839]
[null,"TOTAL ",1,20369507.973000001,27816797.019246005,21132050.879672997,6441678.6000000006,6855786.5099999998,1840479.6,14871075.168,12883357.200000001,5368065.5,117578798.449919]
[]
[]
[]
[]
[null,"PROCESO","VALOR NOMINA","CANT PERSONAL","HORAS HOMBRE","Columna1","MINUTOS"]
[null,"CORTE",20369507.973000001,9,2160,{"$f":"+Tabla10[[#This Row],[VALOR NOMINA]]/Tabla10[[#This Row],[HORAS HOMBRE]]","v":9430.3277652777779},129600]
[null,"RECTILINEAS",27816797.019246005,12,2880,{"$f":"+Tabla10[[#This Row],[VALOR NOMINA]]/Tabla10[[#This Row],[HORAS HOMBRE]]","v":9658.6100761270845},172800]
[null,"MAQUINADO",21132050.879672997,9,2160,{"$f":"+Tabla10[[#This Row],[VALOR NOMINA]]/Tabla10[[#This Row],[HORAS HOMBRE]]","v":9783.3568887374986},129600]
[null,"LAVADORA",6441678.6000000006,3,720,{"$f":"+Tabla10[[#This Row],[VALOR NOMINA]]/Tabla10[[#This Row],[HORAS HOMBRE]]","v":8946.775833333335},43200]
[null,"INSPECCION",6855786.5099999998,3,720,{"$f":"+Tabla10[[#This Row],[VALOR NOMINA]]/Tabla10[[#This Row],[HORAS HOMBRE]]","v":9521.9257083333323},43200]
[null,"SACARAYAS",1840479.6,1,240,{"$f":"+Tabla10[[#This Row],[VALOR NOMINA]]/Tabla10[[#This Row],[HORAS HOMBRE]]","v":7668.665},14400]
[null,"HORNO",14871075.168,6,1440,{"$f":"+Tabla10[[#This Row],[VALOR NOMINA]]/Tabla10[[#This Row],[HORAS HOMBRE]]","v":10327.135533333332},86400]
[null,"TOTAL ",99327375.749918997,43,10320,{"$f":"+Tabla10[[#This Row],[VALOR NOMINA]]/Tabla10[[#This Row],[HORAS HOMBRE]]","v":9624.745712201453},619200]
[]
[]
[]
[]
[null,"Columna1","PROCESO","m2 al año","m2 *mes","tiempo corte* m2","RECTILINEAS","MAQUINADO","LAVADORA","INSPECCION","SACARAYAS","HORNO","SUPERVISOR","JEFE PLANTA","H/m2","TOTAL "]
[null,1.01E-2,"inc 4",2350.6000000000004,195.88333333333335,0.11137241555347568,7.4248277035650456E-2,0.11137241555347568,3.7124138517825228E-2,3.7124138517825228E-2,1.2374712839275078E-2,7.4248277035650456E-2,3.7124138517825228E-2,1.2374712839275078E-2,0.5073632264102782,9624.75]
[null,0.1991,"inc 5",45928.400000000023,3827.3666666666686,0.11236341784168395,7.4908945227789306E-2,0.11236341784168395,3.7454472613894653E-2,3.7454472613894653E-2,1.248482420463155E-2,7.4908945227789306E-2,3.7454472613894653E-2,1.248482420463155E-2,0.51187779238989362,4883.244213392325]
[null,0.1381,"inc 6",27508.05999999999,2292.3383333333327,0.13012738811824609,8.6751592078830736E-2,0.13012738811824609,4.3375796039415368E-2,4.3375796039415368E-2,1.4458598679805122E-2,8.6751592078830736E-2,4.3375796039415368E-2,1.4458598679805122E-2,0.59280254587201009,2499.624267651986]
[null,0.315,"inc 8",47952.920000000122,3996.0766666666768,0.17026700355265079,0.1135113357017672,0.17026700355265079,5.6755667850883602E-2,5.6755667850883602E-2,1.8918555950294531E-2,0.1135113357017672,5.6755667850883602E-2,1.8918555950294531E-2,0.77566079396207588,1481.7836295875561]
[null,0.3377,"inc 10",40899.279999999999,3408.2733333333331,0.21401804628345539,0.14267869752230358,0.21401804628345539,7.1339348761151791E-2,7.1339348761151791E-2,2.3779782920383932E-2,0.14267869752230358,7.1339348761151791E-2,2.3779782920383932E-2,0.97497109973574125,1149.3614666058904]
[null,null,null,164639.26000000013,13719.938333333344,0.73814827134951178,0.49209884756634126,0.73814827134951178,0.24604942378317063,0.24604942378317063,8.201647459439021E-2,0.49209884756634126,0.24604942378317063,8.201647459439021E-2,3.3626754583699991,1120.5942130906294]
[]
[]
[]
[null,"REFERENCIA","TIEMPO CORTE                    *M2","TIEMPO RECTILINEA *M2","TIEMPO MAQUINADO* M2","TIEMPO LAVADORA    *M2","TIEMPO INSPECCION *M2","TIEMPO SACARAYAS *M2","TIEMPO HORNO* M2","TOTAL TIEMPO       PRODUCCION *M2","VLR HORA PRODUCCION*M2"]
[null,"inc 4",0.11137241555347568,7.4248277035650456E-2,0.11137241555347568,3.7124138517825228E-2,3.7124138517825228E-2,1.2374712839275078E-2,7.4248277035650456E-2,0.4578643750531779,4406.8301437930741]
[null,"inc 5",0.11236341784168395,7.4908945227789306E-2,0.11236341784168395,3.7454472613894653E-2,3.7454472613894653E-2,1.248482420463155E-2,7.4908945227789306E-2,0.4619384955713674,4446.0425352505181]
[null,"inc 6",0.13012738811824609,8.6751592078830736E-2,0.13012738811824609,4.3375796039415368E-2,4.3375796039415368E-2,1.4458598679805122E-2,8.6751592078830736E-2,0.53496815115278962,5148.9347128078116]
[null,"inc 8",0.17026700355265079,0.1135113357017672,0.17026700355265079,5.6755667850883602E-2,5.6755667850883602E-2,1.8918555950294531E-2,0.1135113357017672,0.69998657016089771,6737.1957411561007]
[null,"inc 10",0.21401804628345539,0.14267869752230358,0.21401804628345539,7.1339348761151791E-2,7.1339348761151791E-2,2.3779782920383932E-2,0.14267869752230358,0.87985196805420551,8468.3552295297141]
[null,"TOTAL",0.73814827134951178,0.49209884756634126,0.73814827134951178,0.24604942378317063,0.24604942378317063,8.201647459439021E-2,0.49209884756634126,3.0346095599924379,29207.358362537219]
[]
[]
[]
[]
[null,"REFERENCIA","TASA          PREDETERMINADA","MPI (INSUMOS)","CIF VARIABLES","CIF FIJOS","MOI"]
[null,"inc 4",1.0081033209006527E-2,87412.155065701561,610325.91253967315,448140.06268896977,2647211.770107944]
[null,"inc 5",0.19906888388601041,1726116.7368691696,12052028.368226841,8849364.966320904,52274154.995788507]
[null,"inc 6",0.13805467187774526,1197065.433227679,8358105.944822453,6137052.4257894903,36252231.763967477]
[null,"inc 8",0.31504747983942599,2731761.5754086305,19073604.52443853,14005052.303478718,82729357.148498386]
[null,"inc 10",0.33774793118781177,2928596.099428819,20447935.2499725,15014173.241721917,88690343.562323675]
[null,"TOTAL",1,8670952,60542000,44453783,262593299.240686]

{"sheet":"Recomendación1","index":5,"n_rows":10,"n_cols":2,"rows_kept":10,"cut":false,"hidden":true,"merged":[]}
[]
["Etiquetas de fila","Promedio de 100%"]
["VENTAS",1]
["(en blanco)",0.20619999999999999]
["CIF TOTALES",0.20619999999999999]
["Mano de Obra Indirecta ",0.14380000000000001]
["costo Indirectos de Fabricación Variables  ",3.32E-2]
["Costos Indirectos de Fabricación Variables",2.4400000000000002E-2]
["costo Materia Prima Indirecta ",4.7999999999999996E-3]
["Total general",0.23122857142857139]